Fifty Years of Vietnamese Diplomacy 1945 - 1995. t.II, 1979 - 1995 /

Đã lưu trong:
書目詳細資料
主要作者: Lưu Văn Lợi
格式: Sách giấy
語言:Vietnamese
出版: H. : Thế giới, 2002
標簽: 添加標簽
沒有標簽, 成為第一個標記此記錄!
Thư viện lưu trữ: Thư viện Trường Đại học Đà Lạt
LEADER 00661nam a2200277 4500
001 DLU040029882
005 ##20041123
040 # # |a DLU  |b vie 
041 # # |a vie 
044 # # |a vn 
082 # # |a 327.597  |b LU-L 
100 # # |a Lưu Văn Lợi 
245 # # |a Fifty Years of Vietnamese Diplomacy 1945 - 1995.  |n t.II,  |p 1979 - 1995 /  |c Lưu Văn Lợi 
260 # # |a H. :  |b Thế giới,  |c 2002 
300 # # |a 335 tr. ;  |c 21 cm 
923 # # |a 36/2004 
990 # # |a t.II 
992 # # |a 126.000 
994 # # |a DLU 
900 # # |a True 
911 # # |a Đào Thị Thu Huyền 
925 # # |a G 
926 # # |a A 
927 # # |a SH 
980 # # |a Thư viện Trường Đại học Đà Lạt